<?xml version="1.0" encoding="UTF-8"?>
<collection xmlns="http://www.loc.gov/MARC21/slim">
  <record>
    <leader>00000nam  2200000   4500</leader>
    <controlfield tag="001">INLIS000000000032187</controlfield>
    <controlfield tag="005">20130612134215</controlfield>
    <controlfield tag="008">***********************************ind**</controlfield>
    <datafield tag="035" ind1="#" ind2="#">
      <subfield code="0">010-061300000032187</subfield>
    </datafield>
    <datafield tag="041" ind1="#" ind2="#">
      <subfield code="a">ind</subfield>
    </datafield>
    <datafield tag="082" ind1="#" ind2="#">
      <subfield code="a">423.1</subfield>
    </datafield>
    <datafield tag="090" ind1="#" ind2="#">
      <subfield code="a">423.1, Mei k</subfield>
    </datafield>
    <datafield tag="100" ind1="#" ind2="#">
      <subfield code="a">MEIDAR</subfield>
    </datafield>
    <datafield tag="245" ind1="#" ind2="#">
      <subfield code="a">Kamus lengkap 20 juta, Edisi terbaru Inggris - Indonesia, Indonesia - Inggris untuk SMP, SMA dan umu dengan cara membacanya, Meidar, Siti Nurhayati</subfield>
    </datafield>
    <datafield tag="260" ind1="#" ind2="#">
      <subfield code="a">1994</subfield>
      <subfield code="b">Surabaya</subfield>
    </datafield>
    <datafield tag="300" ind1="#" ind2="#">
      <subfield code="a">676 hlm, illus, 19 cm</subfield>
    </datafield>
    <datafield tag="650" ind1="#" ind2="#">
      <subfield code="a">Bahasa Inggris - Indonesia - Kamus</subfield>
    </datafield>
    <datafield tag="700" ind1="#" ind2="#">
      <subfield code="a">Nurhayati, Siti</subfield>
    </datafield>
    <datafield tag="850" ind1="#" ind2="#">
      <subfield code="a">NBPNMAT</subfield>
    </datafield>
  </record>
</collection>
